[Event "DEM U16w 2025"]
[Site "Willingen GER"]
[Date "2025.06.10"]
[Round "4"]
[White "Richter, Johanna"]
[Black "Rabe, Elina"]
[Result "1-0"]
[Termination "normal"]
[Board "6"]
[WhiteElo "1834"]
[BlackElo "1507"]
[WhiteClock "00:29:55"]
[BlackClock "00:45:17"]
[PlyCount "107"]
[WhiteFideId "16278925"]
[BlackFideId "34623531"]
[EventCountry "GER"]
[EventRounds "9"]
[EventType "swiss"]
[EventDate "2025.06.07"]

1. d4 {[%clk 01:30:58]} {[%emt 00:00:01]} e6 {[%clk 01:30:55]} {[%emt
00:00:06]} 2. c4 {[%clk 01:31:18]} {[%emt 00:00:10]} c5 {[%clk 01:31:21]}
{[%emt 00:00:03]} 3. d5 {[%clk 01:31:43]} {[%emt 00:00:06]} exd5 {[%clk
01:31:34]} {[%emt 00:00:17]} 4. cxd5 {[%clk 01:32:07]} {[%emt 00:00:06]} g6
{[%clk 01:31:45]} {[%emt 00:00:19]} 5. Nc3 {[%clk 01:32:12]} {[%emt 00:00:25]}
Bg7 {[%clk 01:31:57]} {[%emt 00:00:18]} 6. e4 {[%clk 01:32:18]} {[%emt
00:00:24]} d6 {[%clk 01:32:22]} {[%emt 00:00:06]} 7. Nf3 {[%clk 01:32:24]}
{[%emt 00:00:24]} a6 {[%clk 01:32:36]} {[%emt 00:00:16]} 8. a4 {[%clk
01:32:08]} {[%emt 00:00:46]} Bg4 {[%clk 01:32:17]} {[%emt 00:00:49]} 9. Be2
{[%clk 01:31:26]} {[%emt 00:01:12]} Nd7 {[%clk 01:31:58]} {[%emt 00:00:49]} 10.
O-O {[%clk 01:29:43]} {[%emt 00:02:13]} Ngf6 {[%clk 01:31:43]} {[%emt
00:00:44]} 11. Nd2 {[%clk 01:24:04]} {[%emt 00:06:10]} Bxe2 {[%clk 01:31:28]}
{[%emt 00:00:44]} 12. Qxe2 {[%clk 01:20:41]} {[%emt 00:03:54]} O-O {[%clk
01:31:35]} {[%emt 00:00:23]} 13. Nc4 {[%clk 01:20:40]} {[%emt 00:00:31]} Ne5
{[%clk 01:27:43]} {[%emt 00:04:24]} 14. a5 {[%clk 01:12:48]} {[%emt 00:08:21]}
Nxc4 {[%clk 01:26:02]} {[%emt 00:02:10]} 15. Qxc4 {[%clk 01:13:14]} {[%emt
00:00:05]} Nd7 {[%clk 01:24:50]} {[%emt 00:01:41]} 16. Bd2 {[%clk 01:06:36]}
{[%emt 00:07:08]} Ne5 {[%clk 01:22:29]} {[%emt 00:02:50]} 17. Qb3 {[%clk
01:03:16]} {[%emt 00:03:50]} Qc7 {[%clk 01:19:39]} {[%emt 00:03:20]} 18. Na4
{[%clk 01:00:20]} {[%emt 00:03:27]} c4 {[%clk 01:11:25]} {[%emt 00:08:44]} 19.
Qc2 {[%clk 00:59:51]} {[%emt 00:00:59]} Nd7 {[%clk 01:04:55]} {[%emt 00:07:01]}
20. Rac1 {[%clk 00:53:36]} {[%emt 00:06:45]} Rac8 {[%clk 00:55:23]} {[%emt
00:10:01]} 21. b3 {[%clk 00:50:16]} {[%emt 00:03:51]} c3 {[%clk 00:51:50]}
{[%emt 00:04:02]} 22. Bxc3 {[%clk 00:47:10]} {[%emt 00:03:35]} Bxc3 {[%clk
00:52:06]} {[%emt 00:00:15]} 23. Qxc3 {[%clk 00:47:22]} {[%emt 00:00:18]} Qxc3
{[%clk 00:52:19]} {[%emt 00:00:17]} 24. Rxc3 {[%clk 00:44:00]} {[%emt
00:03:52]} Rxc3 25. Nxc3 {[%clk 00:44:29]} Rc8 {[%clk 00:52:45]} {[%emt
00:00:24]} 26. Rc1 {[%clk 00:41:51]} {[%emt 00:03:08]} Rc5 {[%clk 00:49:54]}
{[%emt 00:03:21]} 27. Kf1 {[%clk 00:34:04]} {[%emt 00:08:16]} Rxa5 {[%clk
00:48:52]} {[%emt 00:01:32]} 28. b4 {[%clk 00:28:05]} {[%emt 00:06:29]} Ra3
{[%clk 00:48:12]} {[%emt 00:01:11]} 29. Nd1 {[%clk 00:20:19]} {[%emt 00:08:15]}
Nf6 {[%clk 00:43:01]} {[%emt 00:05:40]} 30. f3 {[%clk 00:19:13]} {[%emt
00:01:37]} Kf8 {[%clk 00:36:34]} {[%emt 00:06:57]} 31. Rc8+ {[%clk 00:17:28]}
{[%emt 00:02:16]} Ne8 {[%clk 00:36:48]} {[%emt 00:00:15]} 32. Ke1 {[%clk
00:17:17]} {[%emt 00:00:41]} Rb3 {[%clk 00:36:12]} {[%emt 00:01:06]} 33. Rc4
{[%clk 00:17:38]} {[%emt 00:00:09]} b5 {[%clk 00:36:09]} {[%emt 00:00:33]} 34.
Rd4 {[%clk 00:18:01]} {[%emt 00:00:07]} Ng7 {[%clk 00:31:35]} {[%emt 00:05:03]}
35. Kd2 {[%clk 00:15:19]} {[%emt 00:03:13]} Ra3 {[%clk 00:31:00]} {[%emt
00:01:05]} 36. Kc1 {[%clk 00:09:57]} {[%emt 00:05:52]} a5 {[%clk 00:27:38]}
{[%emt 00:03:52]} 37. Kb2 {[%clk 00:07:06]} {[%emt 00:03:21]} axb4 {[%clk
00:23:03]} {[%emt 00:05:05]} 38. Rxb4 {[%clk 00:07:26]} {[%emt 00:00:10]} Rd3
{[%clk 00:23:18]} {[%emt 00:00:16]} 39. Kc2 {[%clk 00:07:40]} {[%emt 00:00:15]}
Ra3 {[%clk 00:22:48]} {[%emt 00:00:59]} 40. Rxb5 {[%clk 00:08:05]} {[%emt
00:00:06]} Ra2+ {[%clk 00:23:00]} {[%emt 00:00:18]} 41. Rb2 {[%clk 00:07:42]}
{[%emt 00:00:52]} Ra5 {[%clk 00:23:17]} {[%emt 00:00:14]} 42. Nc3 {[%clk
00:06:20]} {[%emt 00:01:52]} f5 {[%clk 00:22:52]} {[%emt 00:00:55]} 43. Rb8+
{[%clk 00:05:33]} {[%emt 00:01:18]} Kf7 {[%clk 00:20:57]} {[%emt 00:02:23]} 44.
Rb7+ {[%clk 00:05:50]} {[%emt 00:00:14]} Kf6 {[%clk 00:20:45]} {[%emt
00:00:41]} 45. Kd3 {[%clk 00:02:37]} {[%emt 00:03:44]} Nh5 {[%clk 00:18:25]}
{[%emt 00:02:49]} 46. g3 {[%clk 00:02:00]} {[%emt 00:01:07]} fxe4+ {[%clk
00:16:09]} {[%emt 00:02:47]} 47. fxe4 {[%clk 00:28:57]} {[%emt 00:03:33]} h6
{[%clk 00:46:02]} {[%emt 00:00:37]} 48. Rd7 {[%clk 00:28:50]} {[%emt 00:00:37]}
Ke5 {[%clk 00:45:16]} {[%emt 00:01:15]} 49. Re7+ {[%clk 00:29:12]} {[%emt
00:00:09]} Kf6 {[%clk 00:45:34]} {[%emt 00:00:12]} 50. Re6+ {[%clk 00:29:36]}
{[%emt 00:00:06]} Kf7 {[%clk 00:45:35]} {[%emt 00:00:29]} 51. Rxd6 {[%clk
00:29:59]} {[%emt 00:00:08]} Ra1 {[%clk 00:45:24]} {[%emt 00:00:40]} 52. Rb6
{[%clk 00:29:30]} {[%emt 00:00:59]} Ra8 {[%clk 00:45:18]} {[%emt 00:00:37]} 53.
e5 {[%clk 00:29:45]} {[%emt 00:00:14]} Ng7 {[%clk 00:45:17]} {[%emt 00:00:31]}
54. Rf6+ {[%clk 00:29:55]} {[%emt 00:00:19]} 1-0

[Event "DEM U16w 2025"]
[Site "Willingen GER"]
[Date "2025.06.10"]
[Round "4"]
[White "Boronina, Kseniia"]
[Black "Wartenberg, Alissa"]
[Result "0-1"]
[Termination "normal"]
[Board "7"]
[WhiteElo "1691"]
[BlackElo "1850"]
[WhiteClock "00:12:06"]
[BlackClock "00:09:56"]
[PlyCount "49"]
[WhiteFideId "34308768"]
[BlackFideId "16280741"]
[EventCountry "GER"]
[EventRounds "9"]
[EventType "swiss"]
[EventDate "2025.06.07"]

1. e4 {[%clk 01:30:58]} {[%emt 00:00:01]} e5 {[%clk 01:30:47]} {[%emt
00:00:14]} 2. Nf3 {[%clk 01:31:25]} {[%emt 00:00:04]} Nc6 {[%clk 01:31:11]}
{[%emt 00:00:06]} 3. d4 {[%clk 01:31:52]} {[%emt 00:00:02]} exd4 {[%clk
01:31:33]} {[%emt 00:00:09]} 4. Bc4 {[%clk 01:32:19]} {[%emt 00:00:02]} Nf6
{[%clk 01:31:51]} {[%emt 00:00:12]} 5. O-O {[%clk 01:32:45]} {[%emt 00:00:05]}
Nxe4 {[%clk 01:31:53]} {[%emt 00:00:28]} 6. Re1 {[%clk 01:33:11]} {[%emt
00:00:04]} d5 {[%clk 01:32:13]} {[%emt 00:00:09]} 7. Bxd5 {[%clk 01:33:33]}
{[%emt 00:00:08]} Qxd5 {[%clk 01:32:39]} {[%emt 00:00:05]} 8. Nc3 {[%clk
01:33:59]} {[%emt 00:00:03]} Qa5 {[%clk 01:33:03]} {[%emt 00:00:06]} 9. Nxe4
{[%clk 01:34:21]} {[%emt 00:00:07]} Be6 {[%clk 01:33:26]} {[%emt 00:00:08]} 10.
Neg5 {[%clk 01:34:39]} {[%emt 00:00:12]} O-O-O {[%clk 01:33:43]} {[%emt
00:00:13]} 11. Nxe6 {[%clk 01:35:04]} {[%emt 00:00:05]} fxe6 {[%clk 01:34:09]}
{[%emt 00:00:04]} 12. Rxe6 {[%clk 01:35:28]} {[%emt 00:00:06]} Qf5 {[%clk
01:27:03]} {[%emt 00:07:36]} 13. Qe2 {[%clk 01:09:11]} {[%emt 00:26:48]} h6
{[%clk 01:14:36]} {[%emt 00:12:56]} 14. Nh4 {[%clk 01:01:33]} {[%emt 00:08:09]}
Qf7 {[%clk 01:11:36]} {[%emt 00:03:30]} 15. Ng6 {[%clk 00:55:31]} {[%emt
00:06:32]} Rg8 {[%clk 00:56:49]} {[%emt 00:15:16]} 16. Rxc6 {[%clk 00:55:05]}
{[%emt 00:00:57]} Re8 {[%clk 00:35:14]} {[%emt 00:22:05]} 17. Ne5 {[%clk
00:36:44]} {[%emt 00:18:50]} Qd5 {[%clk 00:19:27]} {[%emt 00:16:17]} 18. Qg4+
{[%clk 00:26:41]} {[%emt 00:10:32]} Kb8 {[%emt 00:11:57]} 19. Rg6 Qxe5 {[%clk
00:16:20]} {[%emt 00:02:17]} 20. Bd2 {[%clk 00:17:26]} {[%emt 00:00:10]} Bd6
{[%clk 00:14:02]} {[%emt 00:02:48]} 21. f4 {[%clk 00:15:58]} {[%emt 00:01:57]}
Qc5 {[%clk 00:12:03]} {[%emt 00:02:29]} 22. Rxg7 {[%clk 00:11:47]} {[%emt
00:04:41]} d3+ {[%clk 00:11:21]} {[%emt 00:01:11]} 23. Kh1 {[%clk 00:11:40]}
{[%emt 00:00:38]} Rxg7 {[%clk 00:11:46]} {[%emt 00:00:05]} 24. Qxg7 {[%clk
00:12:06]} {[%emt 00:00:03]} dxc2 {[%clk 00:09:56]} 25. Rc1 {[%clk 00:12:06]}
0-1

[Event "DEM U16w 2025"]
[Site "Willingen GER"]
[Date "2025.06.10"]
[Round "4"]
[White "Kutz, Ida Klara"]
[Black "Preißler, Viktoria"]
[Result "1-0"]
[Termination "normal"]
[Board "8"]
[WhiteElo "1783"]
[BlackElo "1828"]
[WhiteClock "00:14:51"]
[BlackClock "00:09:47"]
[PlyCount "71"]
[WhiteFideId "16296257"]
[BlackFideId "34693360"]
[EventCountry "GER"]
[EventRounds "9"]
[EventType "swiss"]
[EventDate "2025.06.07"]

1. d4 {[%clk 01:30:58]} {[%emt 00:00:01]} f5 {[%clk 01:30:53]} {[%emt
00:00:07]} 2. Nf3 {[%clk 01:31:20]} {[%emt 00:00:08]} Nf6 {[%clk 01:31:11]}
{[%emt 00:00:12]} 3. e3 {[%clk 01:31:35]} {[%emt 00:00:14]} g6 {[%clk
01:30:57]} {[%emt 00:00:45]} 4. b3 {[%clk 01:31:19]} {[%emt 00:00:46]} Bg7
{[%clk 01:30:44]} {[%emt 00:00:43]} 5. Bb2 {[%clk 01:31:25]} {[%emt 00:00:23]}
O-O {[%clk 01:28:45]} {[%emt 00:02:29]} 6. Be2 {[%clk 01:28:22]} {[%emt
00:03:34]} d6 {[%clk 01:24:19]} {[%emt 00:04:57]} 7. O-O {[%clk 01:23:30]}
{[%emt 00:05:20]} e5 {[%clk 01:12:20]} {[%emt 00:12:30]} 8. dxe5 {[%clk
01:22:35]} {[%emt 00:01:25]} Ng4 {[%clk 01:10:38]} {[%emt 00:02:12]} 9. h3
{[%clk 01:20:51]} {[%emt 00:02:14]} Nxe5 {[%clk 01:10:56]} {[%emt 00:00:12]}
10. Qd5+ {[%clk 01:18:08]} {[%emt 00:03:13]} Kh8 {[%clk 01:10:57]} {[%emt
00:00:29]} 11. Nxe5 {[%clk 01:12:22]} {[%emt 00:06:17]} dxe5 {[%clk 01:08:38]}
{[%emt 00:02:49]} 12. c4 {[%clk 01:12:20]} {[%emt 00:00:30]} Nc6 {[%clk
01:04:18]} {[%emt 00:04:51]} 13. Nc3 {[%clk 01:06:48]} {[%emt 00:06:02]} Qe7
{[%clk 00:57:07]} {[%emt 00:07:42]} 14. Qd2 {[%clk 00:58:38]} {[%emt 00:08:39]}
Rd8 {[%clk 00:50:49]} {[%emt 00:06:48]} 15. Nd5 {[%clk 00:54:29]} {[%emt
00:04:37]} Be6 {[%clk 00:46:09]} {[%emt 00:05:11]} 16. Rad1 {[%clk 00:46:53]}
{[%emt 00:08:06]} Qf7 {[%clk 00:45:19]} {[%emt 00:01:21]} 17. Qc3 {[%clk
00:43:38]} {[%emt 00:03:43]} Rd7 {[%clk 00:33:46]} {[%emt 00:12:05]} 18. b4
{[%clk 00:33:11]} {[%emt 00:10:57]} Bxd5 {[%clk 00:30:33]} {[%emt 00:03:43]}
19. cxd5 {[%clk 00:33:26]} {[%emt 00:00:14]} Ne7 {[%clk 00:30:47]} {[%emt
00:00:18]} 20. Bc4 {[%clk 00:23:33]} {[%emt 00:10:21]} Nxd5 {[%clk 00:22:35]}
{[%emt 00:08:44]} 21. Bxd5 {[%clk 00:20:13]} {[%emt 00:03:48]} Rxd5 {[%clk
00:22:58]} {[%emt 00:00:08]} 22. Rxd5 {[%clk 00:20:34]} {[%emt 00:00:08]} Qxd5
{[%clk 00:23:24]} {[%emt 00:00:05]} 23. Qxc7 {[%clk 00:20:44]} {[%emt
00:00:21]} Rd8 {[%clk 00:21:15]} {[%emt 00:02:39]} 24. Rc1 {[%clk 00:15:12]}
{[%emt 00:06:02]} Rd7 {[%clk 00:17:38]} {[%emt 00:04:07]} 25. Qb8+ {[%clk
00:14:22]} {[%emt 00:01:19]} Rd8 {[%clk 00:17:57]} {[%emt 00:00:10]} 26. Rc8
{[%clk 00:14:37]} {[%emt 00:00:15]} Rxc8 {[%clk 00:16:23]} {[%emt 00:02:05]}
27. Qxc8+ {[%clk 00:15:00]} {[%emt 00:00:07]} Qg8 {[%clk 00:16:48]} {[%emt
00:00:04]} 28. Qxb7 {[%clk 00:15:19]} {[%emt 00:00:11]} Qxa2 {[%clk 00:15:36]}
{[%emt 00:01:42]} 29. Qb8+ {[%clk 00:15:37]} {[%emt 00:00:12]} Qg8 {[%clk
00:16:02]} {[%emt 00:00:05]} 30. Qxa7 {[%clk 00:15:44]} {[%emt 00:00:24]} h6
{[%clk 00:15:14]} {[%emt 00:01:17]} 31. b5 {[%clk 00:14:21]} {[%emt 00:01:53]}
Qb3 {[%clk 00:09:40]} {[%emt 00:06:03]} 32. Qb8+ {[%clk 00:14:09]} {[%emt
00:00:43]} Kh7 {[%clk 00:09:25]} {[%emt 00:00:45]} 33. Bxe5 {[%clk 00:14:23]}
{[%emt 00:00:16]} Bxe5 {[%clk 00:09:43]} {[%emt 00:00:12]} 34. Qxe5 {[%clk
00:14:48]} {[%emt 00:00:05]} h5 {[%clk 00:09:32]} {[%emt 00:00:41]} 35. Qc7+
{[%clk 00:14:40]} {[%emt 00:00:37]} Kh6 {[%clk 00:09:47]} {[%emt 00:00:15]} 36.
b6 {[%clk 00:14:51]} {[%emt 00:00:19]} 1-0

[Event "DEM U16w 2025"]
[Site "Willingen GER"]
[Date "2025.06.10"]
[Round "4"]
[White "Dodul, Alice"]
[Black "Trunz, Tamila"]
[Result "0-1"]
[Termination "normal"]
[Board "9"]
[WhiteElo "1749"]
[BlackElo "2053"]
[WhiteClock "00:08:52"]
[BlackClock "00:07:31"]
[PlyCount "66"]
[WhiteFideId "34623817"]
[BlackFideId "16267885"]
[EventCountry "GER"]
[EventRounds "9"]
[EventType "swiss"]
[EventDate "2025.06.07"]

1. e4 {[%clk 01:30:58]} c5 {[%clk 01:30:55]} {[%emt 00:00:05]} 2. c3 {[%clk
01:31:24]} {[%emt 00:00:05]} d5 {[%clk 01:31:16]} {[%emt 00:00:08]} 3. exd5
{[%clk 01:31:46]} {[%emt 00:00:08]} Nf6 {[%clk 01:31:36]} {[%emt 00:00:10]} 4.
Nf3 {[%clk 01:30:19]} {[%emt 00:01:57]} Nxd5 {[%clk 01:31:13]} {[%emt
00:00:55]} 5. Bc4 {[%clk 01:30:03]} {[%emt 00:00:45]} Nc6 {[%clk 01:24:30]}
{[%emt 00:07:13]} 6. d4 {[%clk 01:29:15]} {[%emt 00:01:17]} cxd4 {[%clk
01:23:11]} {[%emt 00:01:50]} 7. Nxd4 {[%clk 01:29:26]} {[%emt 00:00:19]} e6
{[%clk 01:16:50]} {[%emt 00:06:50]} 8. O-O {[%clk 01:28:27]} {[%emt 00:01:30]}
Be7 {[%clk 01:13:17]} {[%emt 00:04:03]} 9. Nxc6 {[%clk 01:25:30]} {[%emt
00:03:27]} bxc6 {[%clk 01:13:40]} {[%emt 00:00:06]} 10. Nd2 {[%clk 01:25:28]}
{[%emt 00:00:31]} O-O {[%clk 01:12:05]} {[%emt 00:02:06]} 11. Nf3 {[%clk
01:23:47]} {[%emt 00:02:12]} Qc7 {[%clk 01:06:01]} {[%emt 00:06:35]} 12. Qe2
{[%clk 01:19:15]} {[%emt 00:05:00]} Bb7 {[%clk 00:53:33]} {[%emt 00:12:58]} 13.
Nd4 {[%clk 01:06:01]} {[%emt 00:13:45]} Rad8 {[%clk 00:50:27]} {[%emt
00:03:36]} 14. Qg4 {[%clk 01:00:22]} {[%emt 00:06:08]} c5 {[%clk 00:44:20]}
{[%emt 00:06:38]} 15. Ne2 {[%clk 00:53:24]} {[%emt 00:07:28]} Nf6 {[%clk
00:43:43]} {[%emt 00:01:06]} 16. Qh3 {[%clk 00:48:38]} {[%emt 00:05:15]} Ne4
{[%clk 00:36:15]} {[%emt 00:07:59]} 17. f3 {[%clk 00:37:11]} {[%emt 00:11:57]}
Nd2 {[%clk 00:35:10]} {[%emt 00:01:35]} 18. Bxd2 {[%clk 00:37:31]} {[%emt
00:00:10]} Rxd2 {[%clk 00:35:34]} {[%emt 00:00:06]} 19. Rab1 {[%clk 00:34:39]}
{[%emt 00:03:23]} Rfd8 {[%clk 00:34:41]} {[%emt 00:01:22]} 20. Rfe1 {[%clk
00:29:44]} {[%emt 00:05:25]} Bd5 {[%clk 00:14:51]} {[%emt 00:20:20]} 21. Bxd5
{[%clk 00:29:19]} {[%emt 00:00:56]} R8xd5 {[%clk 00:15:15]} {[%emt 00:00:05]}
22. Ng3 {[%clk 00:22:02]} {[%emt 00:07:47]} c4 {[%clk 00:15:04]} {[%emt
00:00:42]} 23. Nf1 {[%clk 00:18:12]} {[%emt 00:04:20]} Qb6+ {[%clk 00:13:43]}
{[%emt 00:01:50]} 24. Kh1 {[%clk 00:18:27]} {[%emt 00:00:15]} Rxb2 {[%clk
00:13:40]} {[%emt 00:00:34]} 25. Ra1 {[%clk 00:16:48]} {[%emt 00:02:08]} Bg5
{[%clk 00:10:21]} {[%emt 00:03:49]} 26. Qg3 {[%clk 00:14:22]} {[%emt 00:02:56]}
h6 {[%clk 00:09:14]} {[%emt 00:01:37]} 27. Re4 {[%clk 00:11:16]} {[%emt
00:03:36]} Rb1 {[%clk 00:08:09]} {[%emt 00:01:35]} 28. Rxb1 {[%clk 00:11:41]}
{[%emt 00:00:06]} Qxb1 {[%clk 00:08:35]} {[%emt 00:00:03]} 29. Re1 {[%clk
00:11:55]} {[%emt 00:00:15]} Qxa2 {[%clk 00:07:31]} {[%emt 00:01:36]} 30. Qb8+
{[%clk 00:09:52]} {[%emt 00:02:31]} Kh7 {[%clk 00:07:30]} {[%emt 00:00:31]} 31.
Qf8 {[%clk 00:08:56]} {[%emt 00:01:26]} Qf2 {[%clk 00:07:13]} {[%emt 00:00:47]}
32. Rb1 {[%clk 00:08:56]} {[%emt 00:00:30]} Rb5 {[%clk 00:07:17]} {[%emt
00:00:27]} 33. Ra1 {[%clk 00:08:52]} {[%emt 00:00:34]} Rb2 {[%clk 00:07:31]}
{[%emt 00:00:15]} 0-1

[Event "DEM U16w 2025"]
[Site "Willingen GER"]
[Date "2025.06.10"]
[Round "4"]
[White "Schulten, Namita"]
[Black "Moldovan, Stela"]
[Result "0-1"]
[Termination "normal"]
[Board "10"]
[WhiteElo "1696"]
[BlackElo "1711"]
[WhiteClock "00:53:56"]
[BlackClock "00:30:03"]
[PlyCount "126"]
[WhiteFideId "34663568"]
[BlackFideId "16287380"]
[EventCountry "GER"]
[EventRounds "9"]
[EventType "swiss"]
[EventDate "2025.06.07"]

1. e4 {[%clk 01:30:58]} {[%emt 00:00:02]} c6 {[%clk 01:30:30]} {[%emt
00:00:32]} 2. c4 {[%clk 01:31:22]} {[%emt 00:00:04]} d5 {[%clk 01:29:43]}
{[%emt 00:01:17]} 3. cxd5 {[%clk 01:31:44]} {[%emt 00:00:08]} cxd5 {[%clk
01:29:50]} {[%emt 00:00:23]} 4. exd5 {[%clk 01:32:08]} {[%emt 00:00:07]} Qxd5
{[%clk 01:28:22]} {[%emt 00:01:58]} 5. Nc3 {[%clk 01:32:10]} {[%emt 00:00:27]}
Qa5 {[%clk 01:27:47]} {[%emt 00:01:02]} 6. Nf3 {[%clk 01:31:23]} {[%emt
00:01:21]} Nf6 {[%clk 01:27:20]} {[%emt 00:00:57]} 7. Bc4 {[%clk 01:29:30]}
{[%emt 00:02:23]} Nc6 {[%clk 01:25:08]} {[%emt 00:02:41]} 8. d4 {[%clk
01:28:35]} {[%emt 00:01:26]} a6 {[%clk 01:20:09]} {[%emt 00:05:28]} 9. O-O
{[%clk 01:25:37]} {[%emt 00:03:28]} b5 {[%clk 01:17:02]} {[%emt 00:03:38]} 10.
Bb3 {[%clk 01:23:47]} {[%emt 00:02:20]} b4 {[%clk 01:14:32]} {[%emt 00:03:00]}
11. Ba4 {[%clk 01:20:35]} {[%emt 00:03:41]} Bd7 {[%clk 01:13:49]} {[%emt
00:01:13]} 12. Ne2 {[%clk 01:16:17]} {[%emt 00:04:49]} e6 {[%clk 01:11:14]}
{[%emt 00:03:05]} 13. Bd2 {[%clk 01:13:44]} {[%emt 00:03:03]} Qb6 {[%clk
01:10:24]} {[%emt 00:01:19]} 14. Qb3 {[%clk 01:11:10]} {[%emt 00:03:05]} Be7
{[%clk 01:07:44]} {[%emt 00:03:10]} 15. a3 {[%clk 01:07:08]} {[%emt 00:04:32]}
a5 {[%clk 01:05:15]} {[%emt 00:02:59]} 16. Bxc6 {[%clk 01:07:25]} {[%emt
00:00:13]} Bxc6 {[%clk 01:05:29]} {[%emt 00:00:16]} 17. axb4 {[%clk 01:06:41]}
{[%emt 00:01:14]} Bxb4 {[%clk 01:04:44]} {[%emt 00:01:16]} 18. Bxb4 {[%clk
01:06:45]} {[%emt 00:00:26]} Qxb4 {[%clk 01:04:56]} {[%emt 00:00:17]} 19. Qxb4
{[%clk 01:06:11]} {[%emt 00:01:04]} axb4 {[%clk 01:05:17]} {[%emt 00:00:08]}
20. Rxa8+ {[%clk 01:06:14]} {[%emt 00:00:27]} Bxa8 {[%clk 01:05:42]} {[%emt
00:00:06]} 21. Ne5 {[%clk 01:04:29]} {[%emt 00:02:14]} O-O {[%clk 01:04:43]}
{[%emt 00:01:30]} 22. Ra1 {[%clk 01:04:37]} {[%emt 00:00:22]} Be4 {[%clk
01:04:02]} {[%emt 00:01:09]} 23. Ra4 {[%clk 01:03:55]} {[%emt 00:01:13]} Ra8
{[%clk 01:03:29]} {[%emt 00:01:04]} 24. Rxa8+ {[%clk 01:04:16]} {[%emt
00:00:09]} Bxa8 {[%clk 01:03:54]} {[%emt 00:00:05]} 25. Nf4 {[%clk 01:03:44]}
{[%emt 00:01:02]} Nd5 {[%clk 01:02:02]} {[%emt 00:02:22]} 26. Nxd5 {[%clk
01:04:06]} {[%emt 00:00:08]} Bxd5 {[%clk 01:02:28]} {[%emt 00:00:03]} 27. Nd3
{[%clk 01:04:29]} {[%emt 00:00:07]} b3 {[%clk 01:02:49]} {[%emt 00:00:09]} 28.
Kf1 {[%clk 01:04:48]} {[%emt 00:00:11]} Kf8 {[%clk 01:03:00]} {[%emt 00:00:19]}
29. Ke1 {[%clk 01:05:12]} {[%emt 00:00:06]} Bxg2 {[%clk 01:02:35]} {[%emt
00:00:55]} 30. Kd2 {[%clk 01:05:17]} {[%emt 00:00:26]} Ke7 {[%clk 01:02:00]}
{[%emt 00:01:04]} 31. Kc3 {[%clk 01:05:39]} {[%emt 00:00:09]} Bd5 {[%clk
01:01:51]} {[%emt 00:00:39]} 32. Nc5 {[%clk 01:05:44]} {[%emt 00:00:25]} Kd6
{[%clk 01:01:44]} {[%emt 00:00:35]} 33. Nxb3 {[%clk 01:06:11]} {[%emt
00:00:04]} Bf3 {[%clk 01:01:09]} {[%emt 00:00:59]} 34. Na5 {[%clk 01:05:05]}
{[%emt 00:01:42]} f6 {[%clk 00:57:06]} {[%emt 00:04:33]} 35. b4 {[%clk
01:05:10]} {[%emt 00:00:26]} Be2 {[%clk 00:56:39]} {[%emt 00:00:51]} 36. Nb7+
{[%clk 01:04:29]} {[%emt 00:01:16]} Kd5 {[%clk 00:56:15]} {[%emt 00:00:49]} 37.
Nc5 {[%clk 01:04:11]} {[%emt 00:00:52]} g5 {[%clk 00:55:25]} {[%emt 00:01:22]}
38. Kd2 {[%clk 01:03:56]} {[%emt 00:00:44]} Bf1 {[%clk 00:54:30]} {[%emt
00:01:24]} 39. Ke3 {[%clk 01:03:42]} {[%emt 00:00:45]} f5 {[%clk 00:50:17]}
{[%emt 00:04:42]} 40. Nd3 {[%clk 01:02:30]} {[%emt 00:01:43]} f4+ {[%clk
00:49:40]} {[%emt 00:01:06]} 41. Kd2 {[%clk 01:01:02]} {[%emt 00:01:59]} Kxd4
{[%clk 00:49:31]} {[%emt 00:00:40]} 42. Nc5 {[%clk 01:01:09]} {[%emt 00:00:23]}
Bc4 {[%clk 00:49:05]} {[%emt 00:00:54]} 43. Nd7 {[%clk 00:59:58]} {[%emt
00:01:42]} e5 {[%clk 00:47:35]} {[%emt 00:02:00]} 44. Nf6 {[%clk 00:59:40]}
{[%emt 00:00:49]} h6 {[%clk 00:47:10]} {[%emt 00:00:50]} 45. f3 {[%clk
00:59:06]} {[%emt 00:01:09]} Be6 {[%clk 00:46:47]} {[%emt 00:00:45]} 46. Kc2
{[%clk 00:54:59]} {[%emt 00:04:45]} Kc4 {[%clk 00:36:43]} {[%emt 00:10:31]} 47.
b5 {[%clk 00:54:43]} {[%emt 00:00:49]} Bf5+ {[%clk 00:36:56]} {[%emt 00:00:14]}
48. Kb2 {[%clk 00:54:28]} {[%emt 00:00:47]} Kxb5 {[%clk 00:37:11]} {[%emt
00:00:15]} 49. Kc3 {[%clk 00:54:42]} {[%emt 00:00:15]} Kc5 {[%clk 00:36:54]}
{[%emt 00:00:44]} 50. Ng8 {[%clk 00:54:02]} {[%emt 00:01:14]} h5 {[%clk
00:36:15]} {[%emt 00:01:08]} 51. Ne7 {[%clk 00:53:59]} {[%emt 00:00:34]} Be6
{[%clk 00:35:21]} {[%emt 00:01:12]} 52. Ng6 {[%clk 00:53:22]} {[%emt 00:01:19]}
Kd5 {[%clk 00:34:22]} {[%emt 00:01:24]} 53. h4 {[%clk 00:52:02]} {[%emt
00:01:54]} g4 {[%clk 00:33:50]} {[%emt 00:00:58]} 54. fxg4 {[%clk 00:52:29]}
{[%emt 00:00:07]} Bxg4 {[%clk 00:34:00]} {[%emt 00:00:20]} 55. Kd2 {[%clk
00:52:55]} {[%emt 00:00:04]} Ke6 {[%clk 00:33:24]} {[%emt 00:00:55]} 56. Nf8+
{[%clk 00:53:09]} {[%emt 00:00:28]} Kf5 {[%clk 00:33:06]} {[%emt 00:00:41]} 57.
Ke1 {[%clk 00:53:15]} {[%emt 00:00:30]} e4 {[%clk 00:31:33]} {[%emt 00:02:02]}
58. Nh7 {[%clk 00:53:30]} {[%emt 00:00:16]} f3 {[%clk 00:30:27]} {[%emt
00:01:36]} 59. Ng5 {[%clk 00:53:53]} {[%emt 00:00:07]} Kf4 {[%clk 00:30:39]}
{[%emt 00:00:15]} 60. Kf2 {[%clk 00:54:09]} {[%emt 00:00:18]} e3+ {[%clk
00:30:58]} {[%emt 00:00:09]} 61. Kf1 {[%clk 00:54:15]} {[%emt 00:00:25]} Kg3
{[%clk 00:30:07]} {[%emt 00:01:19]} 62. Ne4+ {[%clk 00:54:12]} {[%emt
00:00:36]} Kxh4 {[%clk 00:30:05]} {[%emt 00:00:32]} 63. Kg1 {[%clk 00:53:56]}
{[%emt 00:00:45]} Bf5 {[%clk 00:30:03]} {[%emt 00:00:28]} 0-1